Zmena prístupu v odpisovaní goodwillu v Slovenskej republike

Novela zákona o účtovníctve týkajúca sa odpisovania goodwillu prináša zmenu v požiadavke odpisovania goodwillu do piatich rokov od jeho obstarania. Účelom uvedenej zmeny bolo umožniť účtovným jednotkám individuálne si stanoviť odpisový plán goodwillu, čo má smerovať k tomu, aby účtovná závierka posk...

ver descrição completa

Na minha lista:
Detalhes bibliográficos
Autor principal: Parajka, Branislav, 1981-
Formato: Capítulo de Livro
Idioma:eslovaco
Assuntos:
Tags: Adicionar Tag
Sem tags, seja o primeiro a adicionar uma tag!

MARC

LEADER 00000naa$a2200000$$$4500
001 0113967
005 20240502072252.4
041 0 |a slo 
044 |a SK 
245 1 0 |a Zmena prístupu v odpisovaní goodwillu v Slovenskej republike  |c Branislav Parajka 
520 |a Novela zákona o účtovníctve týkajúca sa odpisovania goodwillu prináša zmenu v požiadavke odpisovania goodwillu do piatich rokov od jeho obstarania. Účelom uvedenej zmeny bolo umožniť účtovným jednotkám individuálne si stanoviť odpisový plán goodwillu, čo má smerovať k tomu, aby účtovná závierka poskytovala verný a pravdivý obraz o skutočnostiach, ktoré sú predmetom účtovníctva. 
610 2 0 |a goodwill 
610 2 0 |a odpisy 
610 2 0 |a účtovníctvo 
610 2 0 |a zákony 
610 2 0 |a novelizácia 
100 1 |a Parajka, Branislav, 1981-